Responses for show #4430 - Friday, December 5, 2003

Game data retrieved from an alternate archive.

Contestants

[<< previous game]

Brian Lambert, a student from Lancaster, Pennsylvania

Renie Sotiropoulos, a high school teacher from Crownsville, Maryland

Jeffrey Burcaw, a vice president of an engineering firm from Warner Robins, Georgia (whose 1-day cash winnings total $6,399)

[next game >>]

Jeopardy! Round responses

AUTHORS
FOLK SONGS
COUNTRY COOKING
DISEASES
RABBITS, RABBITS, RABBITS
"ISN'T THAT "SPECIAL"?
    $200 19
William Faulkner

Triple Stumper
    $200 18
snow

Jeffrey
    $200 1
China

Brian
    $200 3
rabies

Brian
    $200 16
Peter Rabbit

Renie
    $200 11
the Special Olympics

Renie
    $400 20
Sophie's Choice

Triple Stumper
    $400 21
A Mighty Wind

Triple Stumper
    $400 2
Austria

Jeffrey
    $400 5
the lungs

Brian
    $400 17
Roger Rabbit

Jeffrey
    $400 12
special effects

Renie
    $600 25
(Brian: Who is Thornton Wilder?)

Sinclair Lewis

JeffreyBrian
    $600 28
a cherry

Triple Stumper
    $600 4
France

Jeffrey
    $600 6
yellow fever

Renie
    $600 22
(Renie: Who is the Eveready Bunny?)

the Energizer Bunny

JeffreyRenie
    $600 13
a special edition

Brian
    $800 26
Israel

Renie
    $800 29
"Where Have All the Flowers Gone"

Jeffrey
    $800 7
Spain

Jeffrey
    $400 8
Bernard Sachs

Jeffrey
    $800 23
Velveteen Rabbi

Renie
    $800 14
special delivery

Renie
    $1000 27
Robert Frost

Triple Stumper
    $1000 30
"Blowin' in the Wind"

Brian
    $1000 10
India

Brian
    $1000 9
conjunctivitis

Jeffrey
    $1000 24
Harvey

Jeffrey
    $1000 15
Special Prosecutor

Renie

Scores at the first commercial break (after clue 15):

Jeffrey Renie Brian
$3,200 $3,000 $2,400

Scores at the end of the Jeopardy! Round:

Jeffrey Renie Brian
$6,800 $4,200 $2,800

Double Jeopardy! Round responses

NEW DEAL PROGRAMS
THE MOVIES
STATE YOUR CASE
'90s NAMES IN THE NEWS
AFRICAN LANGUAGES
CROSSWORD CLUES "L"
    $400 1
single

Renie
    $400 13
Daddy Day Care

Brian
    $400 18
Alaska

Renie
    $400 23
Hong Kong

Brian
    $400 11
Nile

Brian
    $400 6
a lark

Renie
    $800 2
25 cents

Brian
    $800 14
Gibraltar

Triple Stumper
    $800 19
Tennessee

Brian
    $800 24
Boris Yeltsin

Renie
    $800 12
Roman

Triple Stumper
    $800 7
a lair

Renie
    $1200 3
(Brian: What is energy?)

electricity

RenieBrian
    $1200 15
Tom Hanks

Brian
    $1200 20
Arizona

Renie
    $1200 25
the Teamsters Union

Brian
    $1200 28
Swahili

Renie
    $1200 8
Laertes

Brian
    $2,000 4
(Renie: What is the FCIC?)

the FDIC (Federal Deposit Insurance Corporation

Renie
    $1600 16
Pennies From Heaven

Triple Stumper
    $1600 21
(Jeffrey: What is Georgia?)
(Brian: What is Texas?)

Florida

JeffreyRenieBrian
    $1600 26
(Jeffrey: Who is Christos?)

Christo

Jeffrey
Triple Stumper
    $1600 29
Hamitic

Triple Stumper
    $3,600 9
(Brian: What is a legislator?)

lexicographer

Brian
    $2000 5
Dorothea Lange

Triple Stumper
    $2000 17
Summer of '42

Triple Stumper
    $2000 22
Georgia

Jeffrey
    $2000 27
Faith Popcorn

Triple Stumper
    $2000 30
the click

Triple Stumper
    $2000 10
lottery

Renie

Scores at the end of the Double Jeopardy! Round:

Jeffrey Renie Brian
$5,600 $12,200 $2,800
(lock game)

[wagering suggestions for these scores]

Final Jeopardy! Round responses

THE U.S. NAVY
BrianWhat the Maine?
$2,800
JeffreyWhat is the Maine?
$0
RenieWhat is the Maine?
$200
the Maine

Final scores:

Jeffrey Renie Brian
$5,600 $12,400 $5,600
2nd place: $2,000 New champion: $12,400 3rd place: $1,000

Game dynamics:

Coryat scores:

Jeffrey Renie Brian
$6,000 $14,200 $6,400
12 R
(including 1 DD),
2 W
18 R,
2 W
(including 1 DD)
14 R,
4 W
(including 1 DD)

Combined Coryat: $26,600

The J! Archive is created by fans, for fans. The Jeopardy! game show and all elements thereof, including but not limited to copyright and trademark thereto, are the property of Jeopardy Productions, Inc. and are protected under law. This website is not affiliated with, sponsored by, or operated by Jeopardy Productions, Inc. Join the discussion at JBoard.tv.